000 01226nam a22002417i 4500
999 _c23119
_d23119
003 AR-CdUCM
008 241111b20152015 pe||||| |||| 00| 0 spa d
020 _a978-612-4075-74-2
040 _aMUNICIPALIDAD PROVINCIAL DEL CUSCO
_cBIBLIOTECA MUNICIPAL DEL CUSCO
041 _hspa
082 _a343 / P59
_bP59
100 _aPinheiro Ferreira, Silvestre
_950793
245 _aCompendio de derecho público interno y externo /
260 _aLima :
_bFondo Editorial del Congreso del Perú.
_c2015
300 _a309 páginas. :
_c23 cm
505 _aDerecho público interno o derecho constitucional -- Derecho público externo o derecho de gentes -- De La independencia de las naciones -- Del derecho de tránsito y mansión -- De los contratos de alianza y comercio -- De las confederaciones -- De las propiedad territorial y demarcación de límites -- De la libertad de los mares -- De los derechos y deberes de las naciones en tiempo de guerra -- Conclusión de la guerra -- Funciones y derechos de los agentes diplomáticos
650 _aDerechos
_96548
650 _aTratados
_93362
650 _aDeberes
_916192
650 _aAgentes diplomáticos
_950794
942 _2ddc
_cLIBROS
945 _apbj
_d11-11-2024